| 000 | 00934nas a2200289 4500 | ||
|---|---|---|---|
| 001 | BR2013008154 | ||
| 003 | BR-BrBNA | ||
| 005 | 20231205123046.0 | ||
| 007 | ta | ||
| 008 | 230509b bl.|||p| |||| 00| 00por d | ||
| 040 |
_aBR-BrBNA _bpor _cBiblioteca Nacional de Agricultura |
||
| 041 | _a(Pt) | ||
| 072 | _aK10; U40 | ||
| 100 | 1 | _aGreggio, T.C. | |
| 100 | 1 | _aPissarra, T.C.T. | |
| 100 | 1 | _aRodrigues, F.M. | |
| 245 | 1 | _aAvaliação dos fragmentos florestais do município de Jaboticabal-SP | |
| 246 | 1 | _aEvaluation of forest fragment in Jaboticabal-S.P. | |
| 650 | _aFLORESTA | ||
| 650 | _aSENSORIAMENTO REMOTO | ||
| 650 | _aMAPA | ||
| 650 | _a | ||
| 773 | 0 |
_tRevista Árvore (Brazil) _xISSN 0100-6762 _g(Jan-Feb 2009), v. 33(1) p. 117-124 _wBR2013008154 |
|
| 856 | 4 |
_uhttp://www.scielo.br/pdf/rarv/v33n1/v33n1a12.pdf _yRecurso eletrônico (PDF) |
|
| 909 |
_a202311 _bLúcia _c55 _dLúcia Elande |
||
| 942 |
_2AGRIS _n0 _cANA |
||
| 999 |
_c231978 _d231978 |
||